| 000 | 00511nam a2200181Ia 4500 | ||
|---|---|---|---|
| 999 |
_c37450 _d37450 |
||
| 003 | OSt | ||
| 005 | 20200929102744.0 | ||
| 008 | 190216s9999||||xx |||||||||||||| ||und|| | ||
| 020 | _a9788121908290 | ||
| 040 | _coclc | ||
| 082 |
_a592 _bVER/M |
||
| 100 |
_aVerma, P S _94907 |
||
| 245 | 0 |
_aA Manual Of Practical Zoology Invertibrates / _cP S Verma |
|
| 260 |
_bS Chand & Company, _aNew Delhi: _c2004. |
||
| 300 | _a497p | ||
| 650 | _aZoology | ||
| 942 |
_cBK _2ddc _h592 _iVER/M _k592 _mVER/M |
||